| Tag |
First Indicator |
Second Indicator |
Subfields |
| LEADER |
00000cam a2200000 a 4500 |
| 001 |
in00000082016 |
| 005 |
20151008055450.0 |
| 008 |
810909s1980 enka b 00110 eng |
| 010 |
|
|
|a 81150605
|
| 015 |
|
|
|a GB***
|
| 020 |
|
|
|a 0710300034
|
| 035 |
|
|
|a (OCoLC)07148748
|
| 035 |
|
|
|9 AAJ3535AM
|
| 039 |
0 |
|
|a 2
|b 3
|c 3
|d 3
|e 3
|
| 040 |
|
|
|a DLC
|c DLC
|d TXA
|d UtOrBLW
|
| 043 |
|
|
|a a-ku---
|
| 049 |
|
|
|a TXAM
|c [1672813]
|
| 050 |
0 |
0 |
|a HC415.39
|b .A58
|
| 082 |
0 |
|
|a 330.953/67053
|2 19
|
| 100 |
1 |
|
|a Al-Sabah, Y. S. F.
|q (Youssif S. Fadel)
|
| 245 |
1 |
4 |
|a The oil economy of Kuwait /
|c Y.S.F. Al-Sabah.
|
| 264 |
|
1 |
|a London ;
|a Boston :
|b Kegan Paul International,
|c 1980.
|
| 300 |
|
|
|a ix, 166 pages :
|b illustrations ;
|c 23 cm.
|
| 336 |
|
|
|a text
|b txt
|2 rdacontent
|
| 337 |
|
|
|a unmediated
|b n
|2 rdamedia
|
| 338 |
|
|
|a volume
|b nc
|2 rdacarrier
|
| 504 |
|
|
|a Includes bibliographical references and index.
|
| 650 |
|
0 |
|a Petroleum industry and trade
|z Kuwait.
|
| 651 |
|
0 |
|a Kuwait
|x Economic conditions.
|
| 999 |
|
|
|a MARS
|
| 999 |
f |
f |
|s d25a3637-acff-3403-8af9-faf72dcaf8ec
|i 98a0447a-3d6b-34d1-8059-765b93b7aca8
|t 0
|
| 952 |
f |
f |
|p ric
|a Texas A&M University
|b Rellis Campus
|c Joint Library Facility
|d Remote Storage
|t 0
|e HC415.39 .A58
|h Library of Congress classification
|i unmediated -- volume
|m A14806122807
|
| 998 |
f |
f |
|a HC415.39 .A58
|t 0
|l Remote Storage
|